| 000 | 00620nam a22002057a 4500 | ||
|---|---|---|---|
| 999 |
_c18394 _d18394 |
||
| 003 | AR-CdUCM | ||
| 008 | 190513b ||||| |||| 00| 0 spa d | ||
| 040 |
_aMUNICIPALIDAD PROVINCIAL DEL CUSCO _cBIBLIOTECA MUNICIPAL DEL CUSCO |
||
| 082 |
_a793.3182 / _bL86 |
||
| 100 |
_aLopez Flores, Joaquin _938951 |
||
| 245 | _aDanzas tradicionales Argentinas / | ||
| 260 |
_aBuenos Aires : _bEl ateneo, _c1954. |
||
| 300 |
_a384 paginas ; _c21 cm. |
||
| 500 | _aTradiciones argentinas | ||
| 650 |
_aTradiciones _9229 |
||
| 650 |
_aCultura _9126 |
||
| 650 |
_aArgentina _9511 |
||
| 942 |
_2ddc _cLIBROS |
||
| 945 |
_apjha _d2019-05-13 |
||